10 Movies of 1971 - Statistics

General Stats
  • This quiz has been taken 27 times
  • The average score is 4 of 10
Answer Stats
Hint Answer % Correct
Tough narcotics detective 'Popeye' Doyle is in hot pursuit of a suave French drug dealer who may be kept to a huge heroin-smuggling operation. The French Connection
80%
A reclusive candy maker opens the doors to his magical factory, leading a group of children on a fantastical and life-changing tour full of surprises. Willy Wonka & the Chocolate Factory
80%
When a madman terrorizes San Francisco, a hard-nosed cop is tasked with hunting down the psychopath. Dirty Harry
76%
In a dystopian future, a violent delinquent undergoes experimental treatment to curb his criminal tendencies. A Clockwork Orange
68%
A salesman's routine drive turns into a fight for survival when he's relentlessly pursued by a truck in the California desert. Duel
36%
A young man obsessed with death forms a bond with a spirited elderly woman, challenging his views of love and existence. Harold and Maude
32%
A private detective is hired by a crime lord to retrieve his kidnapped daughter. Shaft
16%
A man and a woman attempt to escape a soulless, oppressive society that controls every aspect of their lives. THX 1138
16%
In a small, fading Texas town, two friends contemplate their future as graduation nears. The Last Picture Show
12%
In a plague-ridden French town, a corrupt priest and power-hungry nun ignite chaos through manipulation, religious hysteria, and accusations of witchcraft. The Devils
8%
No matching quizzes found
Score Distribution
Percent of People with Each Score
Percentile by Number Answered
Your Score History
You have not taken this quiz